| 000 | 00828nam a22002415a 4500 | ||
|---|---|---|---|
| 999 |
_c27025 _d26997 |
||
| 003 | EG-ScBUE | ||
| 005 | 20190409153147.0 | ||
| 008 | 181204s2018 ua a fr 000 0 ara d | ||
| 017 | _a2011 / 17425 | ||
| 020 | _a9789775153098 | ||
| 040 |
_aEG-ScBUE _bara _cEG-ScBUE _dEG-ScBUE |
||
| 082 | 0 | 4 |
_a892.737 _bص ا د _222 |
| 100 | 1 |
_aصادق، محمد، _d1987- _941953 |
|
| 245 | 1 | 0 |
_aبضع ساعات في يوم ما..! : _bرواية / _cمحمد صادق. |
| 250 | _aط. 32. | ||
| 260 |
_aالجيزة ؛ _aالقاهرة : _bالرواق للنشر والتوزيع، _c2018. |
||
| 300 |
_a183 ص. ؛ _c20 سم. |
||
| 541 |
_aمحمد صادق ؛ _cإهداء ؛ |
||
| 650 | 7 |
_aالقصص العربية _zمصر _yقرن21. _2BUEsh |
|
| 651 | _2BUEsh | ||
| 653 |
_bARALIT _cDecember2018 |
||
| 942 | _2ddc | ||